Möglichkeiten und Grenzen des Energiesparens <eine> Analyse am Beispiel der Elektrizität
Na minha lista:
| Autor principal: | |
|---|---|
| Formato: | Livro |
| Idioma: | alemão |
| Publicado em: |
Frankfurt am Main
Peter Lang
1998
|
| Colecção: | Europäische Hochschulschriften
Reihe 5, Volks- und Betriebswirtschaft, Bd. 2243 |
| Assuntos: | |
| Tags: |
Sem tags, seja o primeiro a adicionar uma tag!
|
MARC
| LEADER | 00000nam a2200000 4500 | ||
|---|---|---|---|
| 001 | c104117 | ||
| 005 | 20221221084505.3 | ||
| 020 | |a 3-631-32295-X | ||
| 022 | |a 0531-7339 | ||
| 041 | 0 | |a ger | |
| 044 | |a DE | ||
| 245 | 1 | 0 | |a Möglichkeiten und Grenzen des Energiesparens |b <eine> Analyse am Beispiel der Elektrizität |c Astrid Mundt |
| 264 | 1 | |a Frankfurt am Main |b Peter Lang |c 1998 | |
| 300 | |a 241 s. | ||
| 490 | 1 | |a Europäische Hochschulschriften |v Reihe 5, Volks- und Betriebswirtschaft, Bd. 2243 | |
| 830 | 0 | |a Europäische Hochschulschriften |v Reihe 5, Volks- und Betriebswirtschaft, Bd. 2243 | |
| 610 | 2 | 0 | |a energia |
| 610 | 2 | 0 | |a úspory energie |
| 610 | 2 | 0 | |a elektrifikácia |
| 610 | 2 | 0 | |a analýzy |
| 610 | 2 | 0 | |a spotreba energie |
| 610 | 2 | 0 | |a hospodárstvo energetické |
| 610 | 2 | 0 | |a bilancie |
| 610 | 2 | 0 | |a elektrina |
| 610 | 2 | 0 | |a produkcia |
| 610 | 2 | 0 | |a Nemecko |
| 100 | 1 | |a Mundt, Astrid | |